India Positive (Record no. 350699)

MARC details
000 -LEADER
fixed length control field 00479nam a2200169Ia 4500
008 - FIXED-LENGTH DATA ELEMENTS--GENERAL INFORMATION
fixed length control field 230718s9999 xx 000 0 und d
020 ## - INTERNATIONAL STANDARD BOOK NUMBER
International Standard Book Number 9781542044165
041 ## - LANGUAGE CODE
Language code of text/sound track or separate title eng
082 ## - DEWEY DECIMAL CLASSIFICATION NUMBER
Classification number 306.0954
Item number BHA
100 ## - MAIN ENTRY--PERSONAL NAME
Personal name Bhagat C.
9 (RLIN) 109656
245 ## - TITLE STATEMENT
Title India Positive
Remainder of title New Essays And Selected Columns
260 ## - PUBLICATION, DISTRIBUTION, ETC. (IMPRINT)
Date of publication, distribution, etc. 2019
Name of publisher, distributor, etc. Westland Publications
300 ## - PHYSICAL DESCRIPTION
Extent 216
365 ## - TRADE PRICE
Currency code Rs.
Price amount 225.00
700 ## - ADDED ENTRY--PERSONAL NAME
Personal name Bhagat C.
9 (RLIN) 109656
906 ## - LOCAL DATA ELEMENT F, LDF (RLIN)
d O:0680209-Dec-2019B:09427-Nov-2019
c GENRL
b 56.25
Holdings
Withdrawn status Lost status Damaged status Not for loan Home library Current library Date acquired Vendor Budget Code Cost, normal purchase price Bill number Total Checkouts Full call number Barcode Date last seen Date last checked out Discount Cost, replacement price Bill Date Koha item type Original Barcode
        Cummins College of Engineering for Women Pune Cummins College of Engineering for Women Pune 09/12/2019 Shiv Book Center GENRL 168.75 94 9 306.0954 CCEP-BK-61906 18/04/2025 03/04/2025 56.25 225.00 27/11/2019 Books 061906